| 000 | 00545nam a2200181Ia 4500 | ||
|---|---|---|---|
| 003 | OSt | ||
| 005 | 20260325112946.0 | ||
| 008 | 211028s2006 xx 000 0 und d | ||
| 040 | _cAIMIT LIBRARY | ||
| 041 | _aeng | ||
| 082 | _a658.8 SOAS | ||
| 100 |
_aSoans, Sushma Jennifer;Pinto, Prakash. _g40911126 _95659 |
||
| 245 | _aDay of the week effect: an empirical study of NIFTY, SENSEX,S and P 500,NIKKEI 225,DAX and CAC 40 / | ||
| 260 |
_bPinto, Prakash _c2006 |
||
| 600 |
_aMarketing _95660 |
||
| 650 |
_aMarketing _95661 |
||
| 942 |
_2ddc _cPRO |
||
| 999 |
_c217978 _d217978 |
||